000 01036nam a2200241 a 4500
003 BD-DhJNU
005 20260202060447.0
008 251108s2018 bg |||g |||| 000 1|ben|d
020 _a9789849116736
040 _aBD-DhJNU
_bben
_cBD-DhJNU
_dBD-DhJNU
041 _aben
082 _a940.28 KHA
_223
100 _aখান, মুহম্মদ আলী আসগর
245 1 0 _aআধুনিক ইউরোপের ইতিহাস (১৭৮৯-১৯১৯) /
_cমুহম্মদ আলী আসগর খান
246 _aAdhunik Europe er Itihas (1789-1919)
250 _a1st ed.
260 _aঢাকা :
_bফেমাস্ বুকস্,
_c2018.
300 _a৪৪৬ পৃ. :
_bচিত্র ;
_c২২ সেমি.।
504 _aগ্রন্থপঞ্জিগত নির্দেশিকা ও নিঘন্ট অন্তভূক্ত
650 _aআধুনিক ইউরোপের ইতিহাস
650 _aModern European history
942 _cBK
999 _c2603
_d2603